| 000 | 00490nam a2200181Ia 4500 | ||
|---|---|---|---|
| 003 | GCL | ||
| 008 | 140319s9999 xx 000 0 ara d | ||
| 040 |
_aGCL / _cGCL |
||
| 082 | 0 | 4 |
_a928 _bم ا |
| 100 | 1 | _aمحمد طه الحاجرى | |
| 245 | 1 | 0 |
_aابن شرف القيروانى / _cمحمد طه الحاجرى |
| 300 | _a129 ص | ||
| 490 |
_a100 قصة _v0 |
||
| 650 | 0 | 4 | _aالادباء |
| 650 | 0 | 4 | _aالشعراء |
| 650 | 0 | 4 | _aابن شرف القيرون |
| 942 |
_2ddc _cBK |
||
| 999 |
_c45327 _d45327 |
||